000 00997cam a2200253 4500
001 WS118027
008 020517n 000 0 eng u
035 _a(Sirsi) u118027
110 _aAssociation of South African Quantity Surveyors
_94243
245 _aAssociation of South African Quantity Surveyors
520 _aWeb site for this organisation for quantity surveyors in South Africa. Includes a brief history of QS and a definition of what a QS does. Also includes links to various financial and investment contractors, a form of contract for housing and minor works and details of available software.
650 _aSOUTH AFRICA
650 _aINTERNATIONAL
650 _aORGANISATION
650 _aQUANTITY SURVEYORS
650 _aHISTORY
650 _aCALCULATOR
650 _aCONTRACT
650 _aMINOR WORKS
650 _aSOFTWARE
690 _aBUILT ENVIRONMENT
856 4 0 _uhttps://www.asaqs.co.za
_zView the website free of charge at www.asaqs.co.za...
942 _n0
999 _c120044
_d120044